Aktuálne trendy v oblasti CRM

Integrovanie a riadenie vzťahov so zákazníkmi, orientovanie sa na rozvoj sociálnych sietí v celosvetovom meradle. Snaha spoločností riadiť svoje podnikanie tak, aby pri nízkych nákladoch získali čo najviac informácií o potrebách svojich klientov.

Na minha lista:
Detalhes bibliográficos
Autor principal: Boroviková, Veronika
Formato: Capítulo de Livro
Idioma:eslovaco
Assuntos:
Tags: Adicionar Tag
Sem tags, seja o primeiro a adicionar uma tag!

MARC

LEADER 00000nla a2200000 4500
001 0160713
005 20240502072805.7
041 0 |a slo 
044 |a SK 
245 1 0 |a Aktuálne trendy v oblasti CRM  |c Veronika Boroviková 
520 |a Integrovanie a riadenie vzťahov so zákazníkmi, orientovanie sa na rozvoj sociálnych sietí v celosvetovom meradle. Snaha spoločností riadiť svoje podnikanie tak, aby pri nízkych nákladoch získali čo najviac informácií o potrebách svojich klientov. 
610 2 0 |a marketing manažment 
610 2 0 |a manažment informačný 
610 2 0 |a nástroje riadenia 
610 2 0 |a systém CRM 
610 2 0 |a riadenie vzťahov so zákazníkmi 
100 1 |a Boroviková, Veronika